<?xml version="1.0" encoding="UTF-8"?>
<record
    xmlns:xsi="http://www.w3.org/2001/XMLSchema-instance"
    xsi:schemaLocation="http://www.loc.gov/MARC21/slim http://www.loc.gov/standards/marcxml/schema/MARC21slim.xsd"
    xmlns="http://www.loc.gov/MARC21/slim">

  <leader>01122nam a22002297a 4500</leader>
  <controlfield tag="003">OSt</controlfield>
  <controlfield tag="005">20220607145918.0</controlfield>
  <controlfield tag="008">120524t        xxu||||| |||| 00| 0 eng d</controlfield>
  <datafield tag="020" ind1=" " ind2=" ">
    <subfield code="a">9781861242273</subfield>
  </datafield>
  <datafield tag="040" ind1=" " ind2=" ">
    <subfield code="c">LC</subfield>
  </datafield>
  <datafield tag="050" ind1=" " ind2=" ">
    <subfield code="a">HF5437.D1.C48</subfield>
  </datafield>
  <datafield tag="110" ind1=" " ind2=" ">
    <subfield code="a">CIPS</subfield>
  </datafield>
  <datafield tag="245" ind1=" " ind2=" ">
    <subfield code="a">Contexts of procurement and supply. /</subfield>
    <subfield code="c">CIPS</subfield>
  </datafield>
  <datafield tag="260" ind1=" " ind2=" ">
    <subfield code="a">Maidenhead, England:</subfield>
    <subfield code="b">Profex,</subfield>
    <subfield code="c">2012.</subfield>
  </datafield>
  <datafield tag="300" ind1=" " ind2=" ">
    <subfield code="a">2 vols</subfield>
    <subfield code="b">ill. ;</subfield>
  </datafield>
  <datafield tag="440" ind1=" " ind2=" ">
    <subfield code="a">CIPS study matters,</subfield>
    <subfield code="n">D1</subfield>
  </datafield>
  <datafield tag="500" ind1=" " ind2=" ">
    <subfield code="a">Diploma in procurement and supply: course book
Diploma in procurement and supply: revision notes    </subfield>
  </datafield>
  <datafield tag="505" ind1=" " ind2=" ">
    <subfield code="a">Contents: Categories of procurement  -- Adding value in procurement and supply -- Procurement and supply chain management -- Stakeholders of a procurement or supply chain function -- The procurement process -- E-procurement --The organisational context -- The procurement function in the organisation -- ICT systems -- The sector and industry context -- Procurement in the public sector -- Procurement in the private and third sectors --  </subfield>
  </datafield>
  <datafield tag="650" ind1=" " ind2=" ">
    <subfield code="a">Industrial procurement -- management</subfield>
  </datafield>
  <datafield tag="650" ind1=" " ind2=" ">
    <subfield code="a">Business logistics</subfield>
  </datafield>
  <datafield tag="942" ind1=" " ind2=" ">
    <subfield code="2">lcc</subfield>
    <subfield code="c">BK</subfield>
  </datafield>
  <datafield tag="999" ind1=" " ind2=" ">
    <subfield code="c">8996</subfield>
    <subfield code="d">16496</subfield>
  </datafield>
  <datafield tag="952" ind1=" " ind2=" ">
    <subfield code="0">0</subfield>
    <subfield code="1">0</subfield>
    <subfield code="2">lcc</subfield>
    <subfield code="4">0</subfield>
    <subfield code="7">0</subfield>
    <subfield code="a">WIUC-KL</subfield>
    <subfield code="b">WIUC-KL</subfield>
    <subfield code="d">2019-11-20</subfield>
    <subfield code="l">0</subfield>
    <subfield code="o">HF5437.AD1.C48</subfield>
    <subfield code="p">K/2657/2657/19</subfield>
    <subfield code="r">2022-06-07 00:00:00</subfield>
    <subfield code="w">2022-06-07</subfield>
    <subfield code="y">BK</subfield>
  </datafield>
  <datafield tag="952" ind1=" " ind2=" ">
    <subfield code="0">0</subfield>
    <subfield code="1">0</subfield>
    <subfield code="2">lcc</subfield>
    <subfield code="4">0</subfield>
    <subfield code="7">0</subfield>
    <subfield code="a">WIUC-KL</subfield>
    <subfield code="b">WIUC-KL</subfield>
    <subfield code="d">2019-11-20</subfield>
    <subfield code="o">HF5437.D1c.C48</subfield>
    <subfield code="p">K/2674/2674/19</subfield>
    <subfield code="r">2022-06-07 00:00:00</subfield>
    <subfield code="w">2022-06-07</subfield>
    <subfield code="y">BK</subfield>
  </datafield>
</record>
